000 00628nam a22002177a 4500
003 UA-OsUOA
001 69701
007 ta
008 20100705b un ||||| |||| 00| 0 ukr d
100 _aАвраменко М.
090 _a32
_bА21
942 _cSA
040 _aUA-OsUOA
_bukr
_cUA-OsUOA
_dUA-OsUOA
245 _aАналіз концептуальних положень міжурядового підходу до європейської інтеграції
300 _aС.2-5
955 _a0
041 _aukr
080 _a32
773 0 _w69700
_tВіче
_dК.
_d2010
_g12
650 7 _a32 Політика
_2UDC
999 _c356086
_d356086